[Event "Catarinense-ch"]
[Site "Concordia"]
[Date "2025.03.02"]
[Round "6"]
[White "Tomiello, Lucas Costamilan"]
[Black "Cezar, Ricardo de Almeida"]
[Result "1/2-1/2"]
[WhiteElo "2308"]
[BlackElo "1947"]
[PlyCount "73"]
[EventDate "2025.02.28"]
[EventType "swiss"]
[EventRounds "6"]
[EventCountry "BRA"]
[SourceTitle "CB10_2025"]
[SourceDate "2025.03.05"]
[SourceVersion "1"]
[SourceVersionDate "2025.03.05"]
[SourceQuality "1"]

1. e4 c5 2. Nf3 e6 3. d4 cxd4 4. Nxd4 a6 5. c4 Nf6 6. Nc3 Qc7 7. a3 b6 8. Be3 Bb7 9. f3 d6 10. Rc1 Nbd7 11. Be2 Be7 12. g4 h6 13. h4 Rc8 14. Kd2 Ne5 15. Kc2 Nxc4 16. Bxc4 Qxc4 17. Kb1 Qc7 18. g5 hxg5 19. hxg5 Rxh1 20. Qxh1 Nd7 21. g6 Nf8 22. Nd5 Qd8 23. Rxc8 Qxc8 24. Nxe7 Kxe7 25. Bg5+ Ke8 26. Qh8 Qd7 27. Qxg7 fxg6 28. Qf6 Nh7 29. Qh8+ Nf8 30. Bh6 Qf7 31. Nxe6 Qxe6 32. Qxf8+ Kd7 33. Qb8 Bxe4+ 34. fxe4 Qxe4+ 35. Ka2 Qc4+ 36. Kb1 Qe4+ 37. Ka2 1/2-1/2

[Event "Catarinense-ch"]
[Site "Concordia"]
[Date "2025.03.01"]
[Round "3"]
[White "Cordeiro, Marco Aurelio Zaror"]
[Black "Tomiello, Lucas Costamilan"]
[Result "0-1"]
[WhiteElo "2023"]
[BlackElo "2308"]
[PlyCount "104"]
[EventDate "2025.02.28"]
[EventType "swiss"]
[EventRounds "6"]
[EventCountry "BRA"]
[SourceTitle "CB10_2025"]
[SourceDate "2025.03.05"]
[SourceVersion "1"]
[SourceVersionDate "2025.03.05"]
[SourceQuality "1"]

1. e4 c5 2. Nf3 d6 3. d4 cxd4 4. Nxd4 Nf6 5. Nc3 a6 6. Bg5 Nbd7 7. f4 Qa5 8. Nb3 Qc7 9. Be2 h6 10. Bh4 e5 11. Qd2 exf4 12. Bxf6 Nxf6 13. Qxf4 Be7 14. 0-0 0-0 15. Kh1 Be6 16. Nd4 Rac8 17. Bd3 Qc5 18. Nf5 Bxf5 19. Qxf5 g6 20. Qf3 Qe5 21. Nd5 Kg7 22. c3 Nxd5 23. exd5 Bf6 24. Rae1 Qg5 25. Re4 Be5 26. h4 Qe7 27. g3 h5 28. Kg2 f5 29. Re2 Rce8 30. c4 Qd7 31. Kh3 Rf6 32. c5 dxc5 33. Rfe1 Qd6 34. b3 Rf7 35. a4 Rfe7 36. Bc4 Qd7 37. Kg2 b5 38. axb5 axb5 39. d6 Bxd6 40. Rxe7+ Rxe7 41. Qc3+ Kh7 42. Bd5 f4 43. Be4 Qg4 44. Qf3 Qxg3+ 45. Qxg3 fxg3 46. Kf3 Rf7+ 47. Ke3 Rf2 48. Bf3 Be7 49. Rh1 c4 50. bxc4 Bc5+ 51. Ke4 bxc4 52. Rh3 g2 0-1

[Event "Catarinense-ch"]
[Site "Concordia"]
[Date "2025.02.28"]
[Round "1"]
[White "Altenhofen, Rafael Graneto"]
[Black "Tomiello, Lucas Costamilan"]
[Result "0-1"]
[WhiteElo "1666"]
[BlackElo "2308"]
[PlyCount "96"]
[EventDate "2025.02.28"]
[EventType "swiss"]
[EventRounds "6"]
[EventCountry "BRA"]
[SourceTitle "CB10_2025"]
[SourceDate "2025.03.05"]
[SourceVersion "1"]
[SourceVersionDate "2025.03.05"]
[SourceQuality "1"]

1. d4 Nf6 2. c4 e6 3. Nc3 Bb4 4. f3 c5 5. a3 Bxc3+ 6. bxc3 d5 7. cxd5 exd5 8. Bg5 h6 9. Bh4 0-0 10. e3 Re8 11. Bf2 Nc6 12. Qd2 Bf5 13. Bb5 cxd4 14. cxd4 Rc8 15. Ne2 a6 16. Bxc6 Rxc6 17. Rc1 Rxc1+ 18. Nxc1 Qd6 19. Qb2 Rc8 20. 0-0 Rc2 21. Qxb7 Qxa3 22. Qb3 Qxc1 23. Rxc1 Rxc1+ 24. Be1 Rxe1+ 25. Kf2 Rb1 26. Qa3 Rb6 27. g4 Bd7 28. h4 g5 29. hxg5 hxg5 30. Qe7 Kg7 31. Qe5 Kg6 32. Kg3 Rb3 33. f4 Ne4+ 34. Kf3 gxf4 35. Qxd5 Ng5+ 36. Kxf4 Nh3+ 37. Kf3 Ng5+ 38. Kf4 Ne6+ 39. Kf3 Ba4 40. Qh5+ Kg7 41. Qe5+ Kg8 42. d5 Nf8 43. Qf6 Bb5 44. Qd4 a5 45. Qc5 a4 46. d6 Ne6 47. Qc8+ Kg7 48. d7 Rd3 0-1

[Event "Timbo U2400 op"]
[Site "Timbo"]
[Date "2025.02.16"]
[Round "6"]
[White "Bambino Filho, Antonio Carlos"]
[Black "Tomiello, Lucas Costamilan"]
[Result "1/2-1/2"]
[WhiteElo "2160"]
[BlackElo "2308"]
[PlyCount "30"]
[EventDate "2025.02.14"]
[EventType "swiss"]
[EventRounds "6"]
[EventCountry "BRA"]
[SourceTitle "CB10_2025"]
[SourceDate "2025.03.05"]
[SourceVersion "1"]
[SourceVersionDate "2025.03.05"]
[SourceQuality "1"]

1. d4 Nf6 2. c4 e6 3. Nf3 Bb4+ 4. Bd2 a5 5. Nc3 d5 6. e3 0-0 7. a3 Be7 8. Bd3 c5 9. 0-0 cxd4 10. exd4 Nc6 11. Be3 b6 12. cxd5 exd5 13. h3 Ba6 14. Bxa6 Rxa6 15. Qd3 Ra8 1/2-1/2

[Event "Florianopolis op 11th"]
[Site "Florianopolis"]
[Date "2025.01.26"]
[Round "10"]
[White "Allo Collante, Enrique"]
[Black "Tomiello, Lucas Costamilan"]
[Result "0-1"]
[WhiteElo "2061"]
[BlackElo "2298"]
[PlyCount "58"]
[EventDate "2025.01.18"]
[EventType "swiss"]
[EventRounds "10"]
[EventCountry "BRA"]
[SourceTitle "CB05_2025"]
[SourceDate "2025.01.29"]
[SourceVersion "1"]
[SourceVersionDate "2025.01.29"]
[SourceQuality "1"]

1. c4 c5 2. g3 g6 3. Bg2 Bg7 4. Nc3 Nc6 5. Nf3 e6 6. d3 Nge7 7. Bg5 h6 8. Bd2 d5 9. cxd5 exd5 10. a3 0-0 11. 0-0 b6 12. Rb1 a5 13. Na4 Bd7 14. e4 Be6 15. b3 Re8 16. Qc1 g5 17. h3 Rc8 18. Qd1 Ng6 19. Bc3 d4 20. Be1 f5 21. b4 fxe4 22. dxe4 axb4 23. axb4 c4 24. b5 Na7 25. Rb4 c3 26. Qd3 Qd6 27. Rb1 Bc4 28. e5 Nxe5 29. Qf5 Bd3 0-1

[Event "Florianopolis op 11th"]
[Site "Florianopolis"]
[Date "2025.01.25"]
[Round "9"]
[White "Tomiello, Lucas Costamilan"]
[Black "Raimundo, Airton Carlos Nunes"]
[Result "1-0"]
[WhiteElo "2298"]
[BlackElo "1975"]
[PlyCount "77"]
[EventDate "2025.01.18"]
[EventType "swiss"]
[EventRounds "10"]
[EventCountry "BRA"]
[SourceTitle "CB05_2025"]
[SourceDate "2025.01.29"]
[SourceVersion "1"]
[SourceVersionDate "2025.01.29"]
[SourceQuality "1"]

1. e4 c5 2. Nf3 Nc6 3. Bb5 d6 4. 0-0 e5 5. c3 Bd7 6. d4 Qc7 7. Re1 Nf6 8. Bg5 Be7 9. dxe5 dxe5 10. c4 0-0-0 11. Bxf6 Bxf6 12. Bxc6 Bxc6 13. Qe2 g5 14. Nc3 g4 15. Nd2 Qd7 16. Rad1 Qe6 17. Nd5 Bg5 18. Nf1 h5 19. Ng3 Rdg8 20. Nf5 Bd8 21. Rd3 Kb8 22. Red1 h4 23. a3 Bxd5 24. Rxd5 Bc7 25. b3 g3 26. fxg3 hxg3 27. h3 Rg5 28. R1d3 Rhg8 29. Rf3 Ba5 30. Rd6 Qc8 31. Rdd3 Qe6 32. Rd6 Qc8 33. Qd3 Be1 34. Ne7 Bf2+ 35. Kf1 Qc7 36. Nxg8 Bd4 37. Rxd4 exd4 38. Nf6 Qa5 39. Rxg3 1-0

[Event "Florianopolis op 10th"]
[Site "Florianopolis"]
[Date "2024.01.28"]
[Round "10"]
[White "Mendes Domingues, Ribeiro Matheus"]
[Black "Tomiello, Lucas Costamilan"]
[Result "1/2-1/2"]
[WhiteElo "2130"]
[BlackElo "2306"]
[PlyCount "38"]
[EventDate "2024.01.20"]
[EventType "swiss"]
[EventRounds "10"]
[EventCountry "BRA"]
[SourceTitle "EXT 2025"]
[Source "ChessBase"]
[SourceDate "2024.10.14"]
[SourceVersion "1"]
[SourceVersionDate "2024.10.14"]
[SourceQuality "1"]

1. c4 e5 2. g3 Nf6 3. Bg2 Nc6 4. Nf3 Bc5 5. 0-0 d6 6. Nc3 0-0 7. e3 Bb6 8. d4 Bf5 9. a3 a5 10. c5 Ba7 11. b4 exd4 12. Nxd4 Nxd4 13. exd4 c6 14. Bg5 h6 15. Qf3 hxg5 16. Qxf5 dxc5 17. dxc5 Qd4 18. Ne4 Nxe4 19. Qxe4 Rad8 1/2-1/2

[Event "Florianopolis op 10th"]
[Site "Florianopolis"]
[Date "2024.01.23"]
[Round "5"]
[White "Tomiello, Lucas Costamilan"]
[Black "Urquiza, Marcello de Albuque"]
[Result "1-0"]
[WhiteElo "2306"]
[BlackElo "2050"]
[PlyCount "35"]
[EventDate "2024.01.20"]
[EventType "swiss"]
[EventRounds "10"]
[EventCountry "BRA"]
[SourceTitle "CBM 218 Extra"]
[Source "ChessBase"]
[SourceDate "2024.03.31"]
[SourceVersion "1"]
[SourceVersionDate "2024.03.31"]
[SourceQuality "1"]

1. e4 c5 2. Nf3 Nf6 3. e5 Nd5 4. Nc3 e6 5. Nxd5 exd5 6. d4 Nc6 7. dxc5 Bxc5 8. Bd3 d6 9. exd6 0-0 10. 0-0 Qxd6 11. Re1 Nb4 12. Be3 h6 13. h3 Be6 14. c3 Bxe3 15. Rxe3 Nc6 16. Bc2 Qf4 17. Qd3 g6 18. Rxe6 1-0

[Event "Pan American-ch U20"]
[Site "Vila Santa Cecilia"]
[Date "2023.11.08"]
[Round "5.6"]
[White "Tomiello, Lucas Costamilan"]
[Black "Piccoli, Lucas Fonseca"]
[Result "1-0"]
[WhiteElo "2279"]
[BlackElo "2225"]
[PlyCount "97"]
[EventDate "2023.11.06"]
[EventType "swiss"]
[EventRounds "9"]
[EventCountry "BRA"]
[SourceTitle "CBM 217 Extra"]
[Source "ChessBase"]
[SourceDate "2024.01.31"]
[SourceVersion "1"]
[SourceVersionDate "2024.01.31"]
[SourceQuality "1"]

1. e4 e5 2. Nf3 Nc6 3. Bb5 a6 4. Ba4 Nf6 5. d3 b5 6. Bb3 Be7 7. 0-0 d6 8. a4 Bg4 9. Nbd2 Nd4 10. Ba2 0-0 11. h3 Nxf3+ 12. Nxf3 Bh5 13. g4 Bg6 14. Nh4 Nd7 15. Nxg6 hxg6 16. f4 exf4 17. Bxf4 Bf6 18. c3 b4 19. d4 bxc3 20. bxc3 Qe7 21. Qd3 Bg5 22. Qe3 Bxf4 23. Rxf4 Kh7 24. Raf1 f6 25. g5 fxg5 26. Rf7 Rxf7 27. Rxf7 Qd8 28. Be6 Qe8 29. Ba2 Rb8 30. Qf2 Qd8 31. h4 Nf6 32. hxg5 Nh5 33. Qe3 Qe8 34. Rf2 Qxa4 35. Qf3 Rb5 36. e5 d5 37. Bxd5 Rb1+ 38. Kh2 Qd1 39. Qxd1 Rxd1 40. Rf8 Rd2+ 41. Kg1 Ng3 42. Bg8+ Kh8 43. Bc4+ Kh7 44. Rf3 Nh5 45. e6 Rd1+ 46. Kf2 Rd2+ 47. Be2 Ng3 48. Rxg3 Kg8 49. Rf3 1-0

[Event "South America-ch"]
[Site "Lima"]
[Date "2023.09.19"]
[Round "6"]
[White "Leiva Rodriguez, Jeammarco Giuseppe"]
[Black "Tomiello, Lucas Costamilan"]
[Result "1/2-1/2"]
[WhiteElo "2393"]
[BlackElo "2253"]
[PlyCount "114"]
[EventDate "2023.09.14"]
[EventType "swiss"]
[EventRounds "9"]
[EventCountry "PER"]
[SourceTitle "CBM 216 Extra"]
[Source "ChessBase"]
[SourceDate "2023.11.30"]
[SourceVersion "1"]
[SourceVersionDate "2023.11.30"]
[SourceQuality "1"]

1. Nf3 Nf6 2. g3 d5 3. Bg2 g6 4. b3 Bg7 5. Bb2 0-0 6. 0-0 Nc6 7. c4 d4 8. b4 d3 9. a3 Bf5 10. e3 Re8 11. Qb3 a5 12. Ne5 Nxe5 13. Bxe5 axb4 14. axb4 Rxa1 15. Bxa1 Qd7 16. Be5 h5 17. b5 Ne4 18. Bxg7 Kxg7 19. Qb2+ f6 20. Nc3 Nc5 21. Qb4 Qd6 22. Ra1 h4 23. b6 h3 24. Bf3 Qxb6 25. Qxb6 cxb6 26. Rb1 Ra8 27. Rxb6 Na4 28. Nxa4 Rxa4 29. Rb1 b6 30. Kf1 Rxc4 31. Bd1 Bd7 32. f3 Ba4 33. Bxa4 Rxa4 34. g4 Ra2 35. Ke1 Kh6 36. Rb3 Kg5 37. Rxd3 e5 38. Kf2 e4 39. Rd4 exf3 40. Kxf3 b5 41. Kg3 b4 42. Rd5+ f5 43. gxf5 gxf5 44. e4 Kg6 45. exf5+ Kg5 46. Kxh3 b3 47. Kg3 b2 48. h4+ Kf6 49. Rb5 b1Q 50. Rxb1 Rxd2 51. Rf1 Rd3+ 52. Kg4 Rd4+ 53. Kh5 Rd5 54. Ra1 Rxf5+ 55. Kh6 Kf7 56. h5 Kg8 57. Ra8+ Rf8 1/2-1/2

[Event "South America-ch"]
[Site "Lima"]
[Date "2023.09.16"]
[Round "3"]
[White "Diamant, Andre"]
[Black "Tomiello, Lucas Costamilan"]
[Result "1/2-1/2"]
[WhiteElo "2520"]
[BlackElo "2253"]
[PlyCount "36"]
[EventDate "2023.09.14"]
[EventType "swiss"]
[EventRounds "9"]
[EventCountry "PER"]
[SourceTitle "CBM 216 Extra"]
[Source "ChessBase"]
[SourceDate "2023.11.30"]
[SourceVersion "1"]
[SourceVersionDate "2023.11.30"]
[SourceQuality "1"]

1. Nf3 d5 2. c4 e6 3. e3 Nf6 4. b3 c5 5. Bb2 Nc6 6. cxd5 exd5 7. Bb5 Bd7 8. 0-0 a6 9. Bxc6 Bxc6 10. d4 c4 11. Ne5 Rc8 12. a4 Bb4 13. Ba3 a5 14. Qc2 0-0 15. Rc1 Nd7 16. Nxc6 Rxc6 17. Qb2 Qe7 18. bxc4 Rxc4 1/2-1/2

[Event "Porto Alegre op"]
[Site "Porto Alegre"]
[Date "2023.08.26"]
[Round "2"]
[White "Lewandowski, Miguel L Strapazon"]
[Black "Tomiello, Lucas Costamilan"]
[Result "0-1"]
[WhiteElo "1777"]
[BlackElo "2251"]
[PlyCount "70"]
[EventDate "2023.08.25"]
[EventType "swiss"]
[EventRounds "5"]
[EventCountry "BRA"]
[SourceTitle "CBM 216 Extra"]
[Source "ChessBase"]
[SourceDate "2023.11.30"]
[SourceVersion "1"]
[SourceVersionDate "2023.11.30"]
[SourceQuality "1"]

1. e4 c5 2. Nf3 Nc6 3. d3 g6 4. g3 Bg7 5. Bg2 d6 6. 0-0 Nf6 7. c3 0-0 8. Re1 Bg4 9. h3 Bxf3 10. Bxf3 Nd7 11. Na3 Rb8 12. Nc2 b5 13. d4 Qc7 14. b3 b4 15. Bb2 bxc3 16. Bxc3 Rfe8 17. Bb2 a5 18. Rb1 Nb4 19. dxc5 Nxc5 20. Bxg7 Kxg7 21. Nxb4 axb4 22. Rc1 e5 23. Qd5 Ra8 24. Red1 Red8 25. Rd2 Qa7 26. Rc4 Rab8 27. Be2 h5 28. Kg2 h4 29. f4 hxg3 30. fxe5 Ne6 31. Kxg3 Qg1+ 32. Kf3 Ng5+ 33. Kf4 Nxh3+ 34. Kf3 Qf2+ 35. Kg4 Qg2+ 0-1

[Event "Porto Alegre op"]
[Site "Porto Alegre"]
[Date "2023.08.26"]
[Round "3"]
[White "Tomiello, Lucas Costamilan"]
[Black "Jardim, Frederico Rodrigues"]
[Result "1-0"]
[WhiteElo "2251"]
[BlackElo "1933"]
[PlyCount "71"]
[EventDate "2023.08.25"]
[EventType "swiss"]
[EventRounds "5"]
[EventCountry "BRA"]
[SourceTitle "CBM 216 Extra"]
[Source "ChessBase"]
[SourceDate "2023.11.30"]
[SourceVersion "1"]
[SourceVersionDate "2023.11.30"]
[SourceQuality "1"]

1. e4 e5 2. Bc4 Nf6 3. d3 Nc6 4. Nc3 Na5 5. Nge2 Bc5 6. 0-0 0-0 7. a4 Nxc4 8. dxc4 h6 9. a5 d6 10. Qd3 Be6 11. b3 a6 12. Be3 Bxe3 13. Qxe3 Ng4 14. Qf3 Qf6 15. Qxf6 Nxf6 16. Nc1 Nd7 17. Nd3 f5 18. f3 fxe4 19. fxe4 Rxf1+ 20. Rxf1 Rf8 21. Rxf8+ Kxf8 22. Kf2 Kf7 23. Kf3 Nf6 24. c5 Bd7 25. cxd6 cxd6 26. Nb4 Bc6 27. Ncd5 Bxd5 28. Nxd5 Nxd5 29. exd5 Ke7 30. Ke4 g6 31. h4 Kd7 32. c4 Kc7 33. c5 Kd7 34. cxd6 Kxd6 35. g4 g5 36. h5 1-0

[Event "Porto Alegre op"]
[Site "Porto Alegre"]
[Date "2023.08.25"]
[Round "1"]
[White "Tomiello, Lucas Costamilan"]
[Black "Guimaraes, Victor Carib Crosla"]
[Result "1-0"]
[WhiteElo "2251"]
[BlackElo "1526"]
[PlyCount "41"]
[EventDate "2023.08.25"]
[EventType "swiss"]
[EventRounds "5"]
[EventCountry "BRA"]
[SourceTitle "CBM 216 Extra"]
[Source "ChessBase"]
[SourceDate "2023.11.30"]
[SourceVersion "1"]
[SourceVersionDate "2023.11.30"]
[SourceQuality "1"]

1. e4 e6 2. d4 d5 3. Nd2 Nf6 4. e5 Nfd7 5. f4 c5 6. Ndf3 Be7 7. c3 b6 8. Bd3 Ba6 9. Ne2 Bxd3 10. Qxd3 f6 11. f5 c4 12. Qc2 Qc8 13. fxe6 Nf8 14. Nf4 g6 15. exf6 Bxf6 16. 0-0 Qc6 17. Re1 Na6 18. Ne5 Bxe5 19. Rxe5 Nc7 20. Qf2 g5 21. Nxd5 1-0

[Event "Titled Tuesday intern op 20th Jun Late"]
[Site "Chess.com INT"]
[Date "2023.06.20"]
[Round "2"]
[White "Kollars, Dmitrij"]
[Black "Tomiello, Lucas Costamilan"]
[Result "1-0"]
[WhiteElo "2618"]
[BlackElo "2250"]
[PlyCount "111"]
[EventDate "2023.06.20"]
[EventType "swiss (blitz)"]
[EventRounds "11"]
[EventCountry "USA"]
[SourceTitle "EXT 2024"]
[Source "ChessBase"]
[SourceDate "2023.10.10"]
[SourceVersion "1"]
[SourceVersionDate "2023.10.10"]
[SourceQuality "1"]

1. c4 Nf6 2. Nc3 g6 3. d4 Bg7 4. e4 d6 5. Be2 0-0 6. Be3 Na6 7. Nf3 e5 8. 0-0 Ng4 9. Bg5 f6 10. Bc1 Nh6 11. Qc2 Nf7 12. Be3 c6 13. Rad1 Qe7 14. d5 c5 15. Nd2 f5 16. f3 Bh6 17. Bf2 Bd7 18. a3 Bg5 19. Bd3 Bh4 20. exf5 gxf5 21. Bxf5 Bxf2+ 22. Rxf2 Bxf5 23. Qxf5 Ng5 24. Qd3 Rf4 25. Nde4 Raf8 26. Nxg5 Qxg5 27. Ne4 Qg6 28. Rdf1 Kh8 29. Kh1 Nc7 30. b4 b6 31. Qb1 Ne8 32. bxc5 bxc5 33. Qb7 R4f7 34. Qb8 Nf6 35. Qxd6 Nxe4 36. Qxe5+ Nf6 37. d6 Re8 38. Qxc5 Nd7 39. Qd5 Re5 40. Qd4 Kg8 41. f4 Rc5 42. Re2 Qf6 43. Qd3 Qf5 44. Re8+ Rf8 45. Rxf8+ Nxf8 46. Qd4 Nd7 47. Re1 Rc8 48. h3 Qf6 49. Qd5+ Kf8 50. f5 Re8 51. Re6 Qa1+ 52. Kh2 Nf6 53. Qc5 Nd7 54. Qe3 Ne5 55. Qh6+ Kf7 56. Qxh7+ 1-0